000 00653nam a22002177a 4500
005 20241114123617.0
010 _aENG-142621
020 _c175.00
_a9789380316772
035 _aEN-126153
037 _bDBAD
082 _a574.192
100 _aMishra, Garima
_973954
245 _aBiochemistry and clinical pathology/
_cby Garima mishra [and] Pradeep singh
260 _aNew Delhi
_bAhuja publishing house
_c2019
270 _aC-8/124B, Keshav puram
_bDelhi
_e110066
300 _a125p.;
_c24cm(pb)
_bill.
500 _a
650 _aPathology
_973955
700 _aPradeep singh
_973956
942 _2ddc
_cEN
_h574.192
_mMIS
999 _c206992
_d206992